| Tag |
First Indicator |
Second Indicator |
Subfields |
| LEADER |
00000cam a22000001a 4500 |
| 001 |
in00003680902 |
| 006 |
m o d f |
| 007 |
cr bn mmmapmmp |
| 008 |
141203s1932 dcu o f000 0 eng d |
| 005 |
20260611155121.2 |
| 035 |
|
|
|a ebd1910210591
|
| 040 |
|
|
|a UMI
|c UMI
|d UtOrBLW
|
| 086 |
0 |
|
|a C 21.3:64
|
| 099 |
|
|
|a C21.3-64
|
| 110 |
1 |
|
|a United States.
|b Patent Office.
|0 http://id.loc.gov/authorities/names/n79076649
|
| 245 |
1 |
0 |
|a Classification bulletin of U.S. Patent Office from Jan. 1, 1932 to Dec. 31, 1932, containing classification of subjects of invention revised by Classification Division of U.S. Patent Office.
|
| 264 |
|
1 |
|a [Washington] :
|b GPO,
|c 1932.
|
| 300 |
|
|
|a 1 online resource (5 pages)
|
| 336 |
|
|
|a text
|b txt
|2 rdacontent
|
| 337 |
|
|
|a computer
|b c
|2 rdamedia
|
| 338 |
|
|
|a online resource
|b cr
|2 rdacarrier
|
| 533 |
|
|
|a Electronic reproduction.
|b [Bethesda, Md.] :
|c ProQuest,
|d 2014.
|e digital, PDF file.
|n ProQuest U.S. Executive Branch Documents
|n Mode of access: World Wide Web via ProQuest website.
|
| 588 |
|
|
|a Record is based on online resource; title from PDF title page (ProQuest, last viewed Dec. 2014). Reuse except for individual research requires license from ProQuest, LLC.
|
| 500 |
|
|
|a Electronic resource.
|
| 650 |
|
0 |
|a Metal trade.
|0 http://id.loc.gov/authorities/subjects/sh85084088
|
| 650 |
|
0 |
|a Shoes.
|0 http://id.loc.gov/authorities/subjects/sh85121735
|
| 650 |
|
0 |
|a Textile fabrics.
|0 http://id.loc.gov/authorities/subjects/sh85134321
|
| 650 |
|
0 |
|a Toys.
|0 http://id.loc.gov/authorities/subjects/sh85136372
|
| 655 |
|
7 |
|a Electronic books.
|2 local
|
| 856 |
4 |
0 |
|u http://proxy.library.tamu.edu/login?url=https://congressional.proquest.com/congressional/docview/t66.d71.c21.3-64
|z Connect to the full text of this electronic document
|t 0
|
| 999 |
f |
f |
|s 966ddcaf-82cc-3bc5-86b9-51e2efc3b9fc
|i 9a8fa103-a5d3-37b9-b92a-f07c7a27b3d2
|t 0
|
| 952 |
f |
f |
|a Texas A&M University
|b College Station
|c Electronic Resources
|s www_evans
|d Available Online
|t 0
|h No information provided
|
| 998 |
f |
f |
|t 0
|l Available Online
|